|
|
|
|
| LEADER |
00710cam a2200241 7i4500 |
| 001 |
0000013305 |
| 005 |
20081114090000.0 |
| 008 |
081114 eng |
| 020 |
|
|
|a 1564144615 (pbk.)
|
| 020 |
|
|
|a 9781564144614
|
| 040 |
|
|
|a OhCoOLI
|
| 090 |
0 |
0 |
|a LB1049
|b .F77 2000
|
| 100 |
1 |
|
|a Fry, Ronald W
|
| 245 |
1 |
0 |
|a Get organized
|c by Ron Fry.
|
| 250 |
|
|
|a 2nd ed.
|
| 260 |
|
|
|a Franklin Lakes, NJ:
|b Career Press,
|c 2000.
|
| 300 |
|
|
|a 126 p.:
|b ill.;
|c 22 cm.
|
| 440 |
|
0 |
|a Ron Fry's how to study program
|
| 500 |
|
|
|a Includes index
|
| 650 |
0 |
0 |
|a Study skills
|
| 650 |
0 |
0 |
|a Students --
|x Time management
|
| 650 |
0 |
0 |
|a Note-taking
|
| 999 |
|
|
|a 0000023258
|b BOK
|c OPEN SHELF
|e 1st Floor, Bestari Jaya
|